01535nam a22003857a 4500003000500000005001700005008004100022010001000063011001000073035001000083040000900093082001600102100004100118245008100159260003100240300002000271490006100291590004100352590004100393590004100434590004100475590004200516650002500558650004300583650003000626700002500656700002300681710011300704830006800817901000700885942001000892949008400902999001700986952014601003CHAP20220329140847.0971013s1994 uk a r 00010 eng d a58827 a59799 a63959 cCHAP04a581.134bS500aSmith, Christopher Johneed.91069751 aBiochemical mechanisms involved in plant growth regulationb: proceedings... aOxford :bClarendon,c1994 a282 p.b: ilus. aProceedings of the Phytochemical Society of Europev; 36 aBATCH-UPDb10c20130110lUCH01h0611 aBATCH-UPDb10c20130110lUCH01h2324 aBATCH-UPDb10c20130410lUCH01h0253 aBATCH-UPDb10c20130914lUCH01h0644 aCONVERSIONb10c20130109lUCH01h133214aBioquímica.91284914aPlantasxCrecimientoxAditivos.98880414aQuímica vegetal.9936020 aChiatante, D.9222560 aZocchi, G.91241320 aInternational Symposium on Biochemical Mechanisms Involved in Growth Regulation (1991 : Milan, Italy)9598780 aProceedings of the Phytochemical Society of Europev; 36991730 aBK cLIBRO a581.134 S5bBCcLIBROd33724000082715eLIBROgI.181187h89964i63959sit828.00 c58827d58827 00102ddc4052708GRALaBCbBCcPA_GRALd2019-12-31eI.181187fLIBROl0o581.134 S5p33724000082715r2019-12-31 00:00:00w2019-12-31yLIBRO